000 00500nam a2200193 a 4500
001 4625
003 CO-ViMGA
008 141112s2004 ck r 000 u spa d
040 _aCO-ViMGA
_bspa
_cCO-ViMGA
082 0 4 _a633.88 M876
100 1 _aMurphy, Dorothy
_955571
245 1 0 _aEl poder benefico de las frutas
260 _aBarcelona :
_bLumen,
_c1990
300 _a72 p
490 _aVida sana
650 1 4 _aFRUTAS MEDICINALES
_955572
650 1 4 _aPLANTAS MEDICINALES
_95021
942 _2ddc
_cBK
999 _c16635
_d16635